<?xml version="1.0" encoding="UTF-8"?>
<record
    xmlns:xsi="http://www.w3.org/2001/XMLSchema-instance"
    xsi:schemaLocation="http://www.loc.gov/MARC21/slim http://www.loc.gov/standards/marcxml/schema/MARC21slim.xsd"
    xmlns="http://www.loc.gov/MARC21/slim">

  <leader>01636nam0a2200313   4500</leader>
  <controlfield tag="001">RU\NLR\BIBL_A\022703503</controlfield>
  <controlfield tag="005">20260323150021.0</controlfield>
  <datafield tag="010" ind1=" " ind2=" ">
    <subfield code="a">978-5-91281-142-5</subfield>
    <subfield code="9">500</subfield>
  </datafield>
  <datafield tag="021" ind1=" " ind2=" ">
    <subfield code="a">RU</subfield>
    <subfield code="b">&#x41A;&#x41D;-&#x41F;-25-072508</subfield>
    <subfield code="9">&#x41A;&#x41D;-&#x41F;-25-7027</subfield>
  </datafield>
  <datafield tag="035" ind1=" " ind2=" ">
    <subfield code="a">(NLR Aleph) 022703503</subfield>
  </datafield>
  <datafield tag="090" ind1=" " ind2=" ">
    <subfield code="a">13643490</subfield>
    <subfield code="c">13643490</subfield>
  </datafield>
  <datafield tag="100" ind1=" " ind2=" ">
    <subfield code="a">20260119d2025    u  y0rusy50      ca</subfield>
  </datafield>
  <datafield tag="101" ind1="0" ind2=" ">
    <subfield code="a">rus</subfield>
  </datafield>
  <datafield tag="102" ind1=" " ind2=" ">
    <subfield code="a">RU</subfield>
  </datafield>
  <datafield tag="105" ind1=" " ind2=" ">
    <subfield code="a">a   z   000gy</subfield>
  </datafield>
  <datafield tag="181" ind1=" " ind2="0">
    <subfield code="a">i </subfield>
    <subfield code="b">axxe  </subfield>
  </datafield>
  <datafield tag="182" ind1=" " ind2="0">
    <subfield code="a">n</subfield>
  </datafield>
  <datafield tag="200" ind1="1" ind2=" ">
    <subfield code="a">&#x41F;&#x440;&#x43E;&#x437;&#x440;&#x435;&#x43D;&#x438;&#x435;</subfield>
    <subfield code="e">&#x441;&#x442;&#x438;&#x445;&#x438;</subfield>
    <subfield code="f">&#x411;&#x43E;&#x440;&#x438;&#x441; &#x41E;&#x440;&#x43B;&#x43E;&#x432;</subfield>
  </datafield>
  <datafield tag="203" ind1=" " ind2=" ">
    <subfield code="a">&#x422;&#x435;&#x43A;&#x441;&#x442;</subfield>
    <subfield code="b">&#x432;&#x438;&#x437;&#x443;&#x430;&#x43B;&#x44C;&#x43D;&#x44B;&#x439;</subfield>
    <subfield code="c">&#x43D;&#x435;&#x43F;&#x43E;&#x441;&#x440;&#x435;&#x434;&#x441;&#x442;&#x432;&#x435;&#x43D;&#x43D;&#x44B;&#x439;</subfield>
  </datafield>
  <datafield tag="210" ind1=" " ind2=" ">
    <subfield code="a">&#x421;&#x430;&#x43D;&#x43A;&#x442;-&#x41F;&#x435;&#x442;&#x435;&#x440;&#x431;&#x443;&#x440;&#x433;</subfield>
    <subfield code="c">&#x421;&#x430;&#x43D;&#x43A;&#x442;-&#x41F;&#x435;&#x442;&#x435;&#x440;&#x431;&#x443;&#x440;&#x433;&#x441;&#x43A;&#x43E;&#x435; &#x43E;&#x442;&#x434;&#x435;&#x43B;&#x435;&#x43D;&#x438;&#x435; &#x41E;&#x431;&#x449;&#x435;&#x440;&#x43E;&#x441;&#x441;&#x438;&#x439;&#x441;&#x43A;&#x43E;&#x439; &#x43E;&#x431;&#x449;&#x435;&#x441;&#x442;&#x432;&#x435;&#x43D;&#x43D;&#x43E;&#x439; &#x43E;&#x440;&#x433;&#x430;&#x43D;&#x438;&#x437;&#x430;&#x446;&#x438;&#x438; "&#x421;&#x43E;&#x44E;&#x437; &#x43F;&#x438;&#x441;&#x430;&#x442;&#x435;&#x43B;&#x435;&#x439; &#x420;&#x43E;&#x441;&#x441;&#x438;&#x438;"</subfield>
    <subfield code="d">2025</subfield>
  </datafield>
  <datafield tag="215" ind1=" " ind2=" ">
    <subfield code="a">174, [1] &#x441;.</subfield>
    <subfield code="c">&#x438;&#x43B;.</subfield>
    <subfield code="d">17</subfield>
  </datafield>
  <datafield tag="327" ind1="1" ind2=" ">
    <subfield code="a">&#x421;&#x43E;&#x434;&#x435;&#x440;&#x436;.: &#x446;&#x438;&#x43A;&#x43B;&#x44B;: &#x420;&#x43E;&#x436;&#x434;&#x435;&#x43D; &#x43F;&#x43E;&#x434; &#x441;&#x43E;&#x437;&#x432;&#x435;&#x434;&#x438;&#x435;&#x43C; "&#x420;&#x44B;&#x431;&#x44B;", &#x41A;&#x43E;&#x433;&#x434;&#x430; &#x43B;&#x43E;&#x43C;&#x430;&#x435;&#x442;&#x441;&#x44F; &#x44D;&#x43F;&#x43E;&#x445;&#x430;, &#x442;&#x440;&#x435;&#x449;&#x430;&#x442; &#x438; &#x441;&#x443;&#x434;&#x44C;&#x431;&#x44B; &#x438; &#x445;&#x440;&#x435;&#x431;&#x442;&#x44B;, &#x421;&#x442;&#x430;&#x43D;&#x43E;&#x432;&#x43B;&#x44E;&#x441;&#x44C; &#x441;&#x432;&#x438;&#x434;&#x435;&#x43B;&#x435;&#x43C; &#x441;&#x435;&#x433;&#x43E;&#x434;&#x43D;&#x44F; &#x442;&#x435;&#x445; &#x43C;&#x438;&#x43D;&#x443;&#x442;, &#x43A;&#x43E;&#x433;&#x434;&#x430; &#x440;&#x43E;&#x436;&#x434;&#x430;&#x43B;&#x441;&#x44F; &#x43C;&#x438;&#x440;&#x42F;, &#x41C;&#x43D;&#x435; &#x441;&#x43D;&#x44F;&#x442;&#x441;&#x44F; &#x437;&#x43E;&#x43B;&#x43E;&#x442;&#x44B;&#x435; &#x437;&#x430;&#x43A;&#x440;&#x43E;&#x43C;&#x430; &#x43F;&#x43E;&#x434; &#x441;&#x442;&#x440;&#x430;&#x436;&#x435;&#x439; &#x43E;&#x434;&#x440;&#x44F;&#x445;&#x43B;&#x435;&#x432;&#x448;&#x438;&#x445; &#x43A;&#x43E;&#x43B;&#x43E;&#x43A;&#x43E;&#x43B;&#x435;&#x43D;, &#x418; &#x433;&#x43E;&#x434;&#x44B; &#x438;&#x434;&#x443;&#x442;, &#x43A;&#x430;&#x43A; &#x441;&#x43E;&#x43B;&#x434;&#x430;&#x442;&#x44B;, &#x432; "&#x43F;&#x43E;&#x441;&#x43B;&#x435;&#x434;&#x43D;&#x438;&#x439; &#x440;&#x435;&#x448;&#x438;&#x442;&#x435;&#x43B;&#x44C;&#x43D;&#x44B;&#x439; &#x431;&#x43E;&#x439;"</subfield>
  </datafield>
  <datafield tag="686" ind1="2" ind2=" ">
    <subfield code="a">&#x428;6(2=&#x420;)75-5</subfield>
  </datafield>
  <datafield tag="700" ind1=" " ind2="1">
    <subfield code="a">&#x41E;&#x440;&#x43B;&#x43E;&#x432;</subfield>
    <subfield code="b">&#x411;. &#x410;.</subfield>
    <subfield code="c">&#x43F;&#x43E;&#x44D;&#x442;</subfield>
    <subfield code="f">1955-</subfield>
    <subfield code="g">&#x411;&#x43E;&#x440;&#x438;&#x441; &#x410;&#x43B;&#x435;&#x43A;&#x441;&#x430;&#x43D;&#x434;&#x440;&#x43E;&#x432;&#x438;&#x447;</subfield>
    <subfield code="3">RU\NLR\AUTH\7743879</subfield>
  </datafield>
  <datafield tag="942" ind1=" " ind2=" ">
    <subfield code="c">BOOK</subfield>
  </datafield>
  <datafield tag="980" ind1=" " ind2=" ">
    <subfield code="a">NB</subfield>
  </datafield>
</record>
